Music Quiz

Random Music or Rock Quiz

Bands of the 70's and 80's Quiz Stats

 Plays Quiz not verified by Sporcle

Challenge
Share
Tweet
Embed
Score 0/20 Timer 05:00
0 Plays Today
song band % Correct
Bohemian RhapsodyQueen
97.7%
Back in BlackACDC
92.5%
Another Brick in the WallPink Floyd
91.7%
Stairway to HeavenLed Zeppelin
89.7%
Walk This WayAerosmith
88.1%
Rock and Roll All NiteKISS
85.9%
Smoke on the WaterDeep Purple
84.9%
Paradise CityGuns n' Roses
80.8%
Carry On Wayward SonKansas
79.8%
BarracudaHeart
78.8%
song band % Correct
Baba O'RileyThe Who
78.2%
The JokerSteve Miller Band
74.2%
Born to RunBruce Springsteen
73.3%
Free BirdLynyrd Skynyrd
68.2%
Take It EasyThe Eagles
64.4%
The Boys Are Back in TownThin lizzy
64.3%
Can't Fight This FeelingREO Speedwagon
54.4%
China GroveDoobie Brothers
48%
RoundaboutYes
47.6%
Werewolves of LondonWarren Zevon
38.1%

You're not logged in!

Compare scores with friends on all Sporcle quizzes.
Join for Free
OR
Log In

You Might Also Like...

Show Comments

Extras

Top Quizzes Today


Score Distribution

Your Account Isn't Verified!

In order to create a playlist on Sporcle, you need to verify the email address you used during registration. Go to your Sporcle Settings to finish the process.

Report this User

Report this user for behavior that violates our Community Guidelines.

Details: